| 000 | 00397nam a22001697a 4500 | ||
|---|---|---|---|
| 005 | 20160613123434.0 | ||
| 008 | 160613b xxu||||| |||| 00| 0 eng d | ||
| 020 | _a978-818857534-3 | ||
| 041 | _aeng | ||
| 082 | _b7194 | ||
| 100 |
_aHill, Napoleon _91776 |
||
| 245 | _aHow to Sell your way through life | ||
| 260 |
_bShrishti _c2004 |
||
| 300 | _a261 | ||
| 650 |
_aManagement _9241 |
||
| 942 | _cBK | ||
| 999 |
_c2498 _d2497 |
||